<?xml version="1.0" encoding="UTF-8"?><?xml-stylesheet type="text/xsl" href="static/style.xsl"?><OAI-PMH xmlns="http://www.openarchives.org/OAI/2.0/" xmlns:xsi="http://www.w3.org/2001/XMLSchema-instance" xsi:schemaLocation="http://www.openarchives.org/OAI/2.0/ http://www.openarchives.org/OAI/2.0/OAI-PMH.xsd"><responseDate>2026-04-19T06:32:09Z</responseDate><request verb="GetRecord" identifier="oai:riubu.ubu.es:10259/10257" metadataPrefix="marc">https://riubu.ubu.es/oai/request</request><GetRecord><record><header><identifier>oai:riubu.ubu.es:10259/10257</identifier><datestamp>2025-02-27T01:05:37Z</datestamp><setSpec>com_10259_6171</setSpec><setSpec>com_10259_5086</setSpec><setSpec>com_10259_2604</setSpec><setSpec>col_10259_7105</setSpec></header><metadata><record xmlns="http://www.loc.gov/MARC21/slim" xmlns:doc="http://www.lyncode.com/xoai" xmlns:xsi="http://www.w3.org/2001/XMLSchema-instance" xmlns:dcterms="http://purl.org/dc/terms/" xsi:schemaLocation="http://www.loc.gov/MARC21/slim http://www.loc.gov/standards/marcxml/schema/MARC21slim.xsd">
<leader>00925njm 22002777a 4500</leader>
<datafield tag="042" ind1=" " ind2=" ">
<subfield code="a">dc</subfield>
</datafield>
<datafield tag="720" ind1=" " ind2=" ">
<subfield code="a">Skaf Revenga, Marta</subfield>
<subfield code="e">author</subfield>
</datafield>
<datafield tag="720" ind1=" " ind2=" ">
<subfield code="a">Revilla Cuesta, Víctor</subfield>
<subfield code="e">author</subfield>
</datafield>
<datafield tag="720" ind1=" " ind2=" ">
<subfield code="a">San José Lombera, José Tomás</subfield>
<subfield code="e">author</subfield>
</datafield>
<datafield tag="720" ind1=" " ind2=" ">
<subfield code="a">López Ausín, Víctor</subfield>
<subfield code="e">author</subfield>
</datafield>
<datafield tag="720" ind1=" " ind2=" ">
<subfield code="a">Manso Villalaín, Juan Manuel</subfield>
<subfield code="e">author</subfield>
</datafield>
<datafield tag="260" ind1=" " ind2=" ">
<subfield code="c">2023-06</subfield>
</datafield>
<datafield tag="520" ind1=" " ind2=" ">
<subfield code="a">There is a need to promote high performance and sustainable construction materials such as Self-Compacting Concrete (SCC) made from various wastes. In concrete manufacturing, there is a general tendency to worsen the workability and mechanical behavior when working with wastes instead of natural raw materials. It is therefore necessary to use multi-criteria algorithms to analyze the impact of using sustainable materials, and to balance the increase in sustainability with the deterioration of certain performances, such as flowability and strength. In addition, it is also necessary to include a cost analysis in the study, which allows us to find the most suitable products for varied real-life applications.&#xd;
&#xd;
In this research, 19 SCC mixes have been manufactured, where conventional materials (CEM I, natural aggregates, and limestone filler) are progressively substituted by more sustainable ones (Ground Granulated Blast Furnace Slag -GGBFS- replacing cement, and Recycled Concrete Aggregate -RCA- in coarse, fine and filler sizes of the aggregate). The designed mixes are analyzed based on different criteria: mechanical criteria (flowability, compressive strength and modulus of elasticity), sustainability (carbon footprint) and cost. Five different scenarios are proposed for different priorities or situations, which are evaluated using three multi-criteria algorithms.&#xd;
&#xd;
Some of the conclusions of the study show that coarse RCA and limestone fines perform adequately in most scenarios. Fine RCA rates above 50% were not recommended in any of the scenarios. A versatile design would be an SCC with RCA coarse aggregate, limestone fines, GGBFS and 0% fine RCA.</subfield>
</datafield>
<datafield tag="024" ind2=" " ind1="8">
<subfield code="a">978-3-031-32518-2</subfield>
</datafield>
<datafield tag="024" ind2=" " ind1="8">
<subfield code="a">2366-2557</subfield>
</datafield>
<datafield tag="024" ind2=" " ind1="8">
<subfield code="a">http://hdl.handle.net/10259/10257</subfield>
</datafield>
<datafield tag="024" ind2=" " ind1="8">
<subfield code="a">10.1007/978-3-031-32519-9</subfield>
</datafield>
<datafield tag="024" ind2=" " ind1="8">
<subfield code="a">2366-2565</subfield>
</datafield>
<datafield ind1=" " ind2=" " tag="653">
<subfield code="a">Carbon footprint</subfield>
</datafield>
<datafield ind1=" " ind2=" " tag="653">
<subfield code="a">Ground granulated blast furnace slag</subfield>
</datafield>
<datafield ind1=" " ind2=" " tag="653">
<subfield code="a">Recycled Concrete Aggregate</subfield>
</datafield>
<datafield ind1=" " ind2=" " tag="653">
<subfield code="a">Self-compacting concrete</subfield>
</datafield>
<datafield ind1=" " ind2=" " tag="653">
<subfield code="a">Concrete optimization</subfield>
</datafield>
<datafield tag="245" ind1="0" ind2="0">
<subfield code="a">Design Optimization of Self-compacting Concrete with Residues for Different Scenarios</subfield>
</datafield>
</record></metadata></record></GetRecord></OAI-PMH>